000 00845nam a2200265Ia 4500
003 OSt
005 20220930074329.0
006 a|||||r|||| 00| 0
007 ta
008 220926b |||||||| |||| 00| 0 eng d
024 _a72618
037 _cTheses
040 _aCRL
_cCRL
_beng
041 _2eng
_aeng
100 _aGarg Vichitra
_9533547
110 _aUniversity of Delhi. Faculty of Social Sciences. Department of African Studies
_9519560
245 0 _aFrantz fanon and amilcar cabral
_b Two African revolutionaries
260 _c1989
300 _a305p.
_ap.
_ccm.
650 _aAFRICA - HISTORY
700 _a Dr. K B Bajpai Gu.
_9533548
700 _aUniversity of Delhi. Faculty of Social Sciences. Department of African Studies
_9519562
942 _cDIS
_2CC
999 _c866310
_d866310